000 01394cam a2200337 a 4500
001 4489223
003 OSt
005 20180116192419.0
008 970430s1997 nyua b 001 0 eng
010 _a 97020343
020 _a0684839911
020 _a978-0684839912
040 _aDLC
_cDLC
_dDLC
050 0 0 _aTS170
_b.R45 1997
082 0 0 _a658.575
_221
100 1 _aReinertsen, Donald G.,
_d1950-
_97108
245 1 0 _aManaging the design factory :
_ba product developer's toolkit /
_cDonald G. Reinertsen.
260 _aNew York :
_bFree Press,
_cc1997.
300 _axi, 269 p. :
_bill. ;
_c25 cm.
504 _aIncludes bibliographical references (p. 255-256) and index.
650 0 _aNew products.
_97109
650 0 _aIndustrial design.
_97110
650 0 _aProduct management.
_97111
856 4 2 _3Contributor biographical information
_uhttp://www.loc.gov/catdir/bios/simon051/97020343.html
856 4 2 _3Publisher description
_uhttp://www.loc.gov/catdir/description/simon031/97020343.html
856 4 1 _3Table of contents only
_uhttp://www.loc.gov/catdir/enhancements/fy0631/97020343-t.html
856 4 1 _3Sample text
_uhttp://www.loc.gov/catdir/enhancements/fy0641/97020343-s.html
906 _a7
_bcbc
_corignew
_d1
_eocip
_f19
_gy-gencatlg
942 _2ddc
_cBK
999 _c353837
_d353837